| 000 | 00607 a2200181 4500 | ||
|---|---|---|---|
| 003 | Nust | ||
| 005 | 20170207153219.0 | ||
| 040 | _cNust | ||
| 082 | _a621.382 | ||
| 100 | _aSohail, Ahmed (MSEE-10) | ||
| 245 |
_aAdaptive orthogonal frequency division multiplexing _cAhmed Sohail |
||
| 260 |
_bMCS, NUST _c2007 _aRawalpindi |
||
| 300 | _aix, 57,p.; | ||
| 505 | _aIntroduction (page-1) Adaptive OFDM (page-5) Radio channel (page-15) Channel simulations (page-25) Adaptive bit allocation (page-31) Results and discussion (page-38). | ||
| 538 | _aAlmirah No 69 Shelf No 2 | ||
| 650 | _aMS Thesis | ||
| 651 | _aMSEE-10 | ||
| 942 | _cTHS | ||
| 999 |
_c181705 _d181705 |
||